| 000 | 00569cam a2200217 4500 | ||
|---|---|---|---|
| 008 | 020828n1999 000 0 eng u | ||
| 020 | _a0406981620 | ||
| 020 | _a0406981604 | ||
| 035 | _a(Sirsi) u119454 | ||
| 041 | _aeng. | ||
| 050 | _a348.048 | ||
| 100 |
_aIvamy, C. _xEditor |
||
| 245 | 4 | _aThe All England Law Reports: consolidated tables and index 1936-1998 Volume 2 subject index A-J | |
| 260 |
_aLondon _bButterworths _c1999 |
||
| 300 |
_a2337p. _c25cm. |
||
| 350 | _a265 | ||
| 650 | _aCITATORS | ||
| 650 | _aLAW CASES | ||
| 690 | _aLAW | ||
| 942 | _n0 | ||
| 999 |
_c102317 _d102317 |
||